Central Library OPAC University of Rajshahi

Computers and data processing : simplified and self-taught / (Record no. 55161)

MARC details
000 -LEADER
fixed length control field 00704nam a2200229 a 4500
001 - CONTROL NUMBER
control field 55161
003 - CONTROL NUMBER IDENTIFIER
rucl marc code BD-RjUL
005 - DATE AND TIME OF LATEST TRANSACTION
control field 20211209080226.0
008 - FIXED-LENGTH DATA ELEMENTS--GENERAL INFORMATION
fixed length control field 161114b1983 nyu||||| |||| 001 0 eng d
035 ## - SYSTEM CONTROL NUMBER
System control number (BD-RjUL)55283
040 ## - CATALOGING SOURCE
Original cataloging agency BD-RjUL
Language of cataloging eng
Transcribing agency BD-RjUL
041 ## - LANGUAGE CODE
Language code of text/sound track or separate title eng
082 ## - DEWEY DECIMAL CLASSIFICATION NUMBER
Edition number 23
Classification number 004
Author mark and year STC 1983
100 ## - MAIN ENTRY--PERSONAL NAME
Personal name Strackbein, Ray
9 (RLIN) 164375
245 ## - TITLE STATEMENT
Title Computers and data processing : simplified and self-taught /
Statement of responsibility, etc. Ray Strackbein; Dorothy Bowlby Strackbein.
260 ## - PUBLICATION, DISTRIBUTION, ETC. (IMPRINT)
Place of publication, distribution, etc. New York :
Name of publisher, distributor, etc. Arco Publishing,INC,
Date of publication, distribution, etc. c 1983
300 ## - PHYSICAL DESCRIPTION
Pagination xiii, 94 p. :
Illustrations ill. ;
Size 25 cm.
500 ## - GENERAL NOTE
General note Includes index
650 ## - SUBJECT ADDED ENTRY--TOPICAL TERM
Topical term or geographic name as entry element Computers
9 (RLIN) 164376
700 ## - ADDED ENTRY--PERSONAL NAME
Personal name Strackbein, Dorothy Bowlby
942 ## - ADDED ENTRY ELEMENTS (KOHA)
Source of classification or shelving scheme Dewey Decimal Classification
Koha item type Books
Holdings
Lost status Source of classification or shelving scheme Damaged status Not for loan Collection code Permanent Location Current Location Shelving location Date acquired Source of acquisition Total Checkouts Full call number Date last seen Copy number Koha item type
  Dewey Decimal Classification     Non-fiction Central Library, University of Rajshahi Central Library, University of Rajshahi   21/06/1989 Asia Foundation, U.S.A   004 STC 1983 14/11/2016 C-2 Books
  Dewey Decimal Classification   Not For Loan Non-fiction Central Library, University of Rajshahi Central Library, University of Rajshahi Reading Room 21/06/1989     004 STC 1983 04/04/2017 C-1 Books